Airbrush / (Record no. 26031)

000 -LEADER
fixed length control field 01330cam a22003134a 4500
001 - CONTROL NUMBER
control field 13214467
005 - DATE AND TIME OF LATEST TRANSACTION
control field 20170201163358.0
008 - FIXED-LENGTH DATA ELEMENTS--GENERAL INFORMATION
fixed length control field 030527s2004 nyua 000 0 eng
010 ## - LIBRARY OF CONGRESS CONTROL NUMBER
LC control number 2003107537
020 ## - INTERNATIONAL STANDARD BOOK NUMBER
International Standard Book Number 0764157035
035 ## - SYSTEM CONTROL NUMBER
System control number (DLC) 2003107537
040 ## - CATALOGING SOURCE
Original cataloging agency DLC
Transcribing agency DLC
Modifying agency DLC
041 1# - LANGUAGE CODE
Language code of text/sound track or separate title eng
Language code of original spa
042 ## - AUTHENTICATION CODE
Authentication code pcc
050 00 - LIBRARY OF CONGRESS CALL NUMBER
Classification number NC1429
Item number .H33315A4 2008
130 0# - MAIN ENTRY--UNIFORM TITLE
Uniform title Aerógrafo.
Language of a work English.
245 10 - TITLE STATEMENT
Title Airbrush /
Statement of responsibility, etc. [authors, Parramón's Editorial Team ; text and coordination, Myriam Ferrón].
260 ## - PUBLICATION, DISTRIBUTION, ETC. (IMPRINT)
Place of publication, distribution, etc. Hauppauge, NY :
Name of publisher, distributor, etc. Barron's,
Date of publication, distribution, etc. c2008
300 ## - PHYSICAL DESCRIPTION
Extent 96 p. :
Other physical details col. ill. ;
Dimensions 27 cm.
440 #4 - SERIES STATEMENT/ADDED ENTRY--TITLE
Title The Painter's corner
500 ## - GENERAL NOTE
General note "Instruction in methods and materials when using an airbrush to create finished artworks"--Cover.
650 #0 - SUBJECT ADDED ENTRY--TOPICAL TERM
Topical term or geographic name as entry element Airbrush art
General subdivision Technique.
700 1# - ADDED ENTRY--PERSONAL NAME
Personal name Ferrón, Miriam.
710 2# - ADDED ENTRY--CORPORATE NAME
Corporate name or jurisdiction name as entry element Parramón Ediciones.
Subordinate unit Editorial Team.
856 42 - ELECTRONIC LOCATION AND ACCESS
Materials specified Publisher description
Uniform Resource Identifier <a href="http://www.loc.gov/catdir/description/barrons041/2003107537.html">http://www.loc.gov/catdir/description/barrons041/2003107537.html</a>
942 ## - ADDED ENTRY ELEMENTS (KOHA)
Source of classification or shelving scheme
Koha item type Hard Covered Materials
Classification part NC1429 .H33315A4 2008
Holdings
Withdrawn status Lost status Source of classification or shelving scheme Damaged status Not for loan Home library Current library Shelving location Date acquired Source of acquisition Total Checkouts Full call number Barcode Date last seen Price effective from Koha item type
          MACHAKOS UNIVERSITY LIBRARY MACHAKOS UNIVERSITY LIBRARY Technical section 01/02/2017 Donation(BFA)   NC1429 .H33315A4 2008 33715 07/08/2018 01/02/2017 Hard Covered Materials
© Machakos University Library, Along The Highway, Machakos Wote Rd, Machakos, Kenya P.O. Box 136 - 90100 Machakos - Kenya

Tel: ( +254 ) 723 805829 OR Fax : 044-20353 OR Email: library@mksu.ac.ke